000
00209 a2200097 4500
001
53357
100
_a
Schweegler,B
245
_a
Wather and energy
260
_a
612.p
_b
Mc Graw Hill
_c
090
_c
33605
_d
33605
942
_a
NUST-CAE
_c
M
_c
26231
999
_c
288430
_d
288430